Central Library OPAC University of Rajshahi

Europe: (Record no. 21782)

MARC details
000 -LEADER
fixed length control field 01628cam a22004091 4500
001 - CONTROL NUMBER
control field 21782
003 - CONTROL NUMBER IDENTIFIER
rucl marc code BD-RjUL
005 - DATE AND TIME OF LATEST TRANSACTION
control field 20211209000728.0
008 - FIXED-LENGTH DATA ELEMENTS--GENERAL INFORMATION
fixed length control field 140305r19641963enkab b 000 0 eng
035 ## - SYSTEM CONTROL NUMBER
System control number (BD-RjUL)21847
System control number (OCoLC)493259
040 ## - CATALOGING SOURCE
Original cataloging agency DLC
Transcribing agency ODaWU
Modifying agency OCoLC
-- DLC
-- BD-RjUL
Language of cataloging eng
041 ## - LANGUAGE CODE
Language code of text/sound track or separate title eng
082 ## - DEWEY DECIMAL CLASSIFICATION NUMBER
Classification number 914
Author mark and year UNE
100 1# - MAIN ENTRY--PERSONAL NAME
Personal name Unstead, J. F.
Fuller form of name (John Frederick),
Dates associated with a name 1876-1965,
9 (RLIN) 67261
245 12 - TITLE STATEMENT
Title Europe:
Remainder of title A systematic regional geography /
Number of part/section of a work Volume II
250 ## - EDITION STATEMENT
Edition statement 5th ed.
260 ## - PUBLICATION, DISTRIBUTION, ETC. (IMPRINT)
Place of publication, distribution, etc. London :
Name of publisher, distributor, etc. University of London Press.
Date of publication, distribution, etc. 1963 [reprinted 1964]
300 ## - PHYSICAL DESCRIPTION
Pagination 404 p. :
Illustrations illus., maps (part fold.) ;
Size 22 cm.
500 ## - GENERAL NOTE
General note Includes various editions of individual vols.
General note General editor, v. 1-5: J. F. Unstead; v. 6- : E. W. Gilbert.
General note Includes bibliographies.
505 0# - FORMATTED CONTENTS NOTE
Formatted contents note V. 1. The British Isles, by J. F. Unstead.--v. 2. Europe, by J. F. Unstead.--v. 3. A world survey from the human aspect, by J. F. Unstead.--v. 4. Australia, New Zealand and the Southwest Pacific, by K. W. Robinson.--v. 6. Anglo-America: Canada and the United States, by W. H. Parker.
650 #0 - SUBJECT ADDED ENTRY--TOPICAL TERM
Topical term or geographic name as entry element Geography
Form subdivision Textbooks.
9 (RLIN) 32655
700 1# - ADDED ENTRY--PERSONAL NAME
Personal name Gilbert, Edmund William,
Dates associated with a name 1900-
Relator term ed.
942 ## - ADDED ENTRY ELEMENTS (KOHA)
Source of classification or shelving scheme Dewey Decimal Classification
Koha item type Books
Holdings
Lost status Source of classification or shelving scheme Damaged status Not for loan Collection code Permanent Location Current Location Shelving location Date acquired Source of acquisition Cost, normal purchase price Total Checkouts Full call number Date last seen Copy number Koha item type
  Dewey Decimal Classification     Non-fiction Central Library, University of Rajshahi Central Library, University of Rajshahi   29/04/1967 Putaia Raj. Estate 20.62   914 UNE V-2 1964 05/03/2014 C-13 Books